Lettre sur les nouveaux bains medicinaux /
Saved in:
| Main Author: | |
|---|---|
| Other Authors: | |
| Format: | Book |
| Language: | French |
| Published: |
A Paris :
Chez la Veuve Quillau ...,
M. DCC. LII. [1752]
|
| Series: | Francis A. Countway Library of Medicine--Medical Heritage Library digitization project.
|
| Subjects: | |
| Tags: |
Add Tag
No Tags, Be the first to tag this record!
|
| LEADER | 00826cam a22002651 4500 | ||
|---|---|---|---|
| 001 | 009727889-0 | ||
| 005 | 20110208133011.0 | ||
| 008 | 840603s1752 fr 000 0 fre | ||
| 016 | 7 | |a 2459009R |2 DNLM | |
| 035 | 0 | |a ocm14323318 | |
| 040 | |a NLM |c NLM | ||
| 050 | 4 | |a RM822.V2 |b C13 1752 | |
| 060 | 0 | |a WZ 260 |b C135L 1752 | |
| 100 | 1 | |a Caillot. | |
| 245 | 1 | 0 | |a Lettre sur les nouveaux bains medicinaux / |c par M. C*** docteur en medecine. |
| 260 | |a A Paris : |b Chez la Veuve Quillau ..., |c M. DCC. LII. [1752] | ||
| 300 | |a 84 p. ; |c 17 cm. (12mo) | ||
| 500 | |a Attribution of authorship from BN. | ||
| 650 | 2 | |a Baths. | |
| 650 | 0 | |a Vapor baths. | |
| 700 | 0 | |a C. | |
| 752 | |a France |d Paris. | ||
| 830 | 0 | |a Francis A. Countway Library of Medicine--Medical Heritage Library digitization project. |5 net | |
| 988 | |a 20050803 | ||
| 906 | |0 OCLC | ||


